Laws relating to dismissal and retrenchment under labour laws / (Record no. 5784)

MARC details
000 -LEADER
fixed length control field 00593nam a22001817a 4500
008 - FIXED-LENGTH DATA ELEMENTS--GENERAL INFORMATION
fixed length control field 131016b xxu||||| |||| 00| 0 eng d
020 ## - INTERNATIONAL STANDARD BOOK NUMBER
International Standard Book Number 9-7893-5035-2267
082 ## - DEWEY DECIMAL CLASSIFICATION NUMBER
Edition number 21 ed.
Classification number 344.012596
Item number KUM
100 ## - MAIN ENTRY--PERSONAL NAME
Personal name Kumar, H.L.
245 ## - TITLE STATEMENT
Title Laws relating to dismissal and retrenchment under labour laws /
Statement of responsibility, etc H.L. Kumar
250 ## - EDITION STATEMENT
Edition statement 4 ed.
260 ## - PUBLICATION, DISTRIBUTION, ETC. (IMPRINT)
Place of publication, distribution, etc New Delhil, India :
Name of publisher, distributor, etc Law Publishing co.
Date of publication, distribution, etc 2012
300 ## - PHYSICAL DESCRIPTION
Extent lxxvi, 376 P. ;
Dimensions 22 cm.
500 ## - GENERAL NOTE
General note Includes Index
650 ## - SUBJECT ADDED ENTRY--TOPICAL TERM
Topical term or geographic name as entry element Unemployment
650 ## - SUBJECT ADDED ENTRY--TOPICAL TERM
Topical term or geographic name as entry element Laws relating to dismissal and retrenchment under labour laws /
942 ## - ADDED ENTRY ELEMENTS (KOHA)
Source of classification or shelving scheme Dewey Decimal Classification
Item type Books
Holdings
Withdrawn status Lost status Source of classification or shelving scheme Damaged status Not for loan Home library Current library Shelving location Date acquired Total Checkouts Full call number Barcode Date last seen Copy number Price effective from Koha item type Public note
    Dewey Decimal Classification     Law Development Centre Main Library Law Development Centre Main Library Text Books and Laws 10/16/2013   344.012596 KUM 8026/2013 10/16/2013 1 10/16/2013 Books reserve